| 000 | 00872nmm a2200265 a 4500 | ||
|---|---|---|---|
| 001 | ocm000663713 | ||
| 003 | TR-IsHL | ||
| 005 | 20201028142603.0 | ||
| 008 | 140104s1997 tu tur | ||
| 007 | cr cn | ||
| 020 | _a9789757244820 | ||
| 035 |
_a663713 _b(N$T) |
||
| 050 | 0 | 4 |
_aBP63.T9 _bO48 1997 |
| 090 | 0 | 4 |
_aBP63.T9 _bO48 1997 |
| 100 | 1 | _aOkur, Ekmel Ali | |
| 245 | 1 | 0 |
_aBir müslümanın itirafları tarikat gerçeği _h[electronic resource] / _cEkmel Ali Okur |
| 260 |
_aİstanbul : _bToplumsal Dönüşüm Yayınları, _c1997 |
||
| 300 | _a376 p. | ||
| 650 | 4 | _aTarih | |
| 650 | 4 | _aHistory | |
| 650 | 0 |
_aİslam mezhepleri _x Türkiye _x Tarih |
|
| 650 | 0 |
_aIslamic sects _x Turkey _x History |
|
| 650 | 7 |
_aRELIGION / Islam / General _2bisacsh |
|
| 856 | 4 | 0 | _uhttp://search.ebscohost.com/login.aspx?direct=true&scope=site&db=e011xww&AN=663713 |
| 999 |
_c8435 _d8435 |
||